Tax changes and phase diagrams for an overlapping generations model.
Štúdia potenciálnych výmenných kurzov v kontexte dočasne pôsobiacich ekonomických modelov. Auerbachova a Kotlikoffova (1987) štúdia. Analýza ekonomických aktivít a súkromnej finančnej politiky jednotlivých rodín. Rodinný rozpočet, mzda, náklady na spotrebu a voľný čas. Národný dôchodok a jeho rast.
Salvato in:
| Autore principale: | |
|---|---|
| Natura: | Capitolo di libro |
| Lingua: | inglese |
| Soggetti: | |
| Tags: |
Nessun Tag, puoi essere il primo ad aggiungerne!!
|
MARC
| LEADER | 00000naa a2200000 4500 | ||
|---|---|---|---|
| 001 | r009613 | ||
| 005 | 20220819194749.3 | ||
| 041 | 0 | |a eng | |
| 044 | |a GB | ||
| 245 | 1 | 0 | |a Tax changes and phase diagrams for an overlapping generations model. |c J. Laitner |
| 520 | |a Štúdia potenciálnych výmenných kurzov v kontexte dočasne pôsobiacich ekonomických modelov. Auerbachova a Kotlikoffova (1987) štúdia. Analýza ekonomických aktivít a súkromnej finančnej politiky jednotlivých rodín. Rodinný rozpočet, mzda, náklady na spotrebu a voľný čas. Národný dôchodok a jeho rast. | ||
| 610 | 2 | 0 | |a kurz výmenný |
| 610 | 2 | 0 | |a diagramy |
| 610 | 2 | 0 | |a modely ekonomické |
| 610 | 2 | 0 | |a aktivita hospodárska |
| 610 | 2 | 0 | |a politika finančná |
| 610 | 2 | 0 | |a rodina |
| 610 | 2 | 0 | |a mzdy |
| 610 | 2 | 0 | |a náklady |
| 610 | 2 | 0 | |a spotreba |
| 610 | 2 | 0 | |a dôchodok národný |
| 100 | 1 | |a Laitner, J. | |